Questioning the Cuban exile model (Record no. 56295)
[ view plain ]
| 000 -LEADER | |
|---|---|
| fixed length control field | 01660nam a2200397Ia 4500 |
| 082 04 - DEWEY DECIMAL CLASSIFICATION NUMBER | |
| Classification number | 325/.272910973 |
| 100 1# - MAIN ENTRY--AUTHOR NAME | |
| Personal name | Current, Cheris Brewer, |
| 245 10 - TITLE STATEMENT | |
| Title | Questioning the Cuban exile model |
| 260 ## - PUBLICATION, DISTRIBUTION, ETC. (IMPRINT) | |
| Place of publication | El Paso [Tex.] : |
| Name of publisher | LFB Scholarly Pub., |
| Year of publication | 2010. |
| 300 ## - PHYSICAL DESCRIPTION | |
| Number of Pages | xxi, 186 p. |
| 490 1# - SERIES STATEMENT | |
| Series statement | The new Americans |
| 650 #0 - SUBJECT ADDED ENTRY--TOPICAL TERM | |
| Topical Term | Cubans |
| Topical Term | Refugees |
| Topical Term | Immigrants |
| Topical Term | Cubans |
| 856 40 - ELECTRONIC LOCATION AND ACCESS | |
| Uniform Resource Identifier | http://site.ebrary.com/lib/rucke/Doc?id=10622778 |
No items available.
